00637 2200193 4500001002100000005001500021035002000036007000300056008004100059082000800100084001400108100003200122245018400154250001100338260002900349300003100378650002300409990001100432INLIS00000000001289920220707095413 a0010-0722000383ta220707 g 0 ind  a340 a340 SEK b0 aSEKRETARIAT, jendral mpr ri1 aBahan Tayang Materi Sosialisasi Empat Pilar MPR RI :bPancasila, UUD NRI Tahun 1945 serta Ketetapan MPR RI, NKRI dan Bhineka Tunggal Ika edisi Revisi /cSekretariat Jendral Mpr Ri acet.21 aJakarta :bMpr Ri,c2020 a92 hlm. :bilus. ;c13 cm. 4aPERUNDANG-UNDANGAN a8401 a